| 000 | 00403nam a2200169Ia 4500 | ||
|---|---|---|---|
| 008 | 230524s9999 xx 000 0 und d | ||
| 082 |
_a621.38 _bSED |
||
| 100 | _aAdel S.Sedra | ||
| 245 | 0 | _aMicroelectronic Circuits | |
| 250 | _a5TH | ||
| 260 |
_aNEW DELHI _bOxford _c2004 |
||
| 300 | _aXXX;1359 | ||
| 500 | _aQuantity Number: 475 | ||
| 650 | _aElectronics | ||
| 700 | _a K.C.Smith | ||
| 942 | _cBK | ||
| 999 |
_c16057 _d16057 |
||